Boy : (Registro nro. 40474)
[ vista simple ]
| 000 -LEADER | |
|---|---|
| fixed length control field | 01461cam a2200361 i 4500 |
| 001 - CONTROL NUMBER | |
| control field | 40474 |
| 003 - CONTROL NUMBER IDENTIFIER | |
| control field | Mx-PuUPA |
| 005 - DATE AND TIME OF LATEST TRANSACTION | |
| control field | 20250829123413.0 |
| 008 - FIXED-LENGTH DATA ELEMENTS--GENERAL INFORMATION | |
| fixed length control field | 140415s2011 mx a dr 000 fcspa d |
| 020 ## - INTERNATIONAL STANDARD BOOK NUMBER | |
| International Standard Book Number | 9786071111432 |
| 040 ## - CATALOGING SOURCE | |
| Original cataloging agency | Mx-PuUPA |
| Language of cataloging | spa |
| Transcribing agency | Mx-PuUPA |
| Modifying agency | Mx-PuUPA |
| Description conventions | rda |
| 041 1# - LANGUAGE CODE | |
| Language code of text/sound track or separate title | spa |
| Language code of original | eng |
| 100 1# - MAIN ENTRY--PERSONAL NAME | |
| Personal name | Dahl, Roald, |
| Dates associated with a name | 1916-1990 |
| Relator term | autor |
| 9 (RLIN) | 10011 |
| 240 10 - UNIFORM TITLE | |
| Uniform title | Boy, tales of childhood. |
| Language of a work | Español |
| 245 10 - TITLE STATEMENT | |
| Title | Boy : |
| Remainder of title | (relatos de infancia) / |
| Statement of responsibility, etc. | Roald Dahl ; traducción, Salustiano Masó |
| 250 ## - EDITION STATEMENT | |
| Edition statement | Segunda edición / |
| Remainder of edition statement | mayo |
| 264 #1 - PRODUCTION, PUBLICATION, DISTRIBUTION, MANUFACTURE, AND COPYRIGHT NOTICE | |
| Place of production, publication, distribution, manufacture | México, D.F. : |
| Name of producer, publisher, distributor, manufacturer | Santillana Ediciones Generales, |
| Date of production, publication, distribution, manufacture, or copyright notice | 2011 |
| 300 ## - PHYSICAL DESCRIPTION | |
| Extent | 211 páginas : |
| Other physical details | ilustraciones (en blanco y negro) ; |
| Dimensions | 23 cm |
| 336 ## - CONTENT TYPE | |
| Fuente | rdacontent |
| Content type term | texto |
| Content type code | txt |
| 337 ## - MEDIA TYPE | |
| Source | rdamedia |
| Media type term | sin medio |
| Media type code | n |
| 338 ## - CARRIER TYPE | |
| Source | rdacarrier |
| Carrier type term | volumen |
| Carrier type code | nc |
| 490 0# - SERIES STATEMENT | |
| Series statement | Alfagura. Serie Roja. |
| 500 ## - GENERAL NOTE | |
| General note | Reimpresiones: (Segunda, abril de 2012). |
| 600 14 - SUBJECT ADDED ENTRY--PERSONAL NAME | |
| Personal name | Dahl, Roald, |
| General subdivision | Juventud |
| -- | Literatura juvenil |
| 650 #7 - SUBJECT ADDED ENTRY--TOPICAL TERM | |
| Source of heading or term | armarc |
| Topical term or geographic name entry element | Literatura inglesa |
| Chronological subdivision | Siglo XX |
| 650 #7 - SUBJECT ADDED ENTRY--TOPICAL TERM | |
| Source of heading or term | armarc |
| Topical term or geographic name entry element | Autores ingleses |
| Form subdivision | Biografía |
| General subdivision | Literatura juvenil |
| Chronological subdivision | Siglo XX |
| 700 1# - ADDED ENTRY--PERSONAL NAME | |
| Personal name | Masó, Salustiano, |
| Relator term | traductor |
| 765 0# - ORIGINAL LANGUAGE ENTRY | |
| Main entry heading | Dahl, Roald, |
| Place, publisher, and date of publication | [Lugar de publicación, no identificada] : Altea, Taurus, Alfaguara, 1987 |
| Title | Boy, tales of childhood. |
| 942 ## - ADDED ENTRY ELEMENTS (KOHA) | |
| Source of classification or shelving scheme | Dewey Decimal Classification |
| Koha item type | Libro |
| Classification part | 823.914 |
| Item part | D2618 |
| Withdrawn status | Lost status | Source of classification or shelving scheme | Damaged status | Not for loan | Collection code | Home library | Current library | Shelving location | Date acquired | Source of acquisition | Total Checkouts | Full call number | Barcode | Date last seen | Date last checked out | Price effective from | Koha item type |
|---|---|---|---|---|---|---|---|---|---|---|---|---|---|---|---|---|---|
| Dewey Decimal Classification | General | Biblioteca Karol Wojtyla | Biblioteca Karol Wojtyla | Sala general | 03/12/2013 | Compra | 1 | 823.914 D2618 2011 | 60928 | 05/01/2026 | 22/02/2022 | 03/12/2013 | Libro |